| 000 | 01170nam a22002777a 4500 | ||
|---|---|---|---|
| 001 | 02898 | ||
| 003 | HDC | ||
| 007 | cr bn --- | ||
| 008 | 201223b20102010-cn||||| |||| 00| 0 eng d | ||
| 022 | _a1913-9012 | ||
| 040 | _aHDC | ||
| 100 |
_aMohd Zulkifli Muhammad _eauthor _91300 |
||
| 245 | 0 |
_aSmall and Medium Enterprises (SMEs) Competing in the Global Business Environment _b: A Case of Malaysia _c/ Mohd Zulkifli Muhammad [and 3 others] |
|
| 260 |
_aCanada: _bCanada Center of Science and Education, _c2010 |
||
| 300 | _a1 online resource (10 pages) | ||
| 336 |
_atext _2rdacontent |
||
| 337 |
_acomputer _2rdamedia |
||
| 338 |
_aonline resources _2rdacarrier |
||
| 500 |
_aExtract from: International Business Research, 2010, volume 3, number 1 (pages 66-75) _aIncludes bibliographical references |
||
| 650 |
_aSmall and Medium Enterprises (SMEs) _zMalaysia _91799 |
||
| 710 |
_aCanada Center of Science and Education _epublisher |
||
| 856 | _zRequest full-text at [email protected] | ||
| 942 | _2lcc | ||
| 942 | _cAR | ||
| 942 | _kJART 002503 | ||
| 999 |
_c284 _d284 |
||